[Event "Open Ricany 2006"]
[Site "?"]
[Date "2006.??.??"]
[Round "8.9"]
[White "Simecek, Bohumil"]
[Black "Fojtu, Petr"]
[Result "1-0"]
[WhiteElo "2091"]
[BlackElo "2121"]
[PlyCount "96"]
[EventDate "2006.??.??"]

1. d4 f5 2. Bg5 c6 3. Nc3 Qb6 4. Rb1 g6 5. e3 Bg7 6. Nf3 Nf6 7. Bd3 d6 8. h4 h6
9. Bxf6 Bxf6 10. e4 Bxd4 11. Nxd4 Qxd4 12. h5 fxe4 13. Nxe4 g5 14. O-O Kd8 15.
c3 Qg7 16. Re1 Nd7 17. Qe2 Ne5 18. Ng3 Rf8 19. Rbd1 Bg4 20. f3 Nxf3+ 21. gxf3
Bxf3 22. Qe3 Bxd1 23. Rxd1 Rf4 24. Rf1 e5 25. Nf5 Qf6 26. Rxf4 gxf4 27. Qh3 Kc7
28. Qg4 Qg5 29. Qxg5 hxg5 30. h6 Rh8 31. Be2 d5 32. Bh5 Kd7 33. Bf7 g4 34. Kg2
e4 35. Kf2 e3+ 36. Ke2 Kc7 37. Bg6 c5 38. h7 Kd7 39. Nh6 g3 40. Kf3 Ke7 41. Ng4
Kf8 42. Ne5 Kg7 43. Bd3 d4 44. cxd4 cxd4 45. Be4 Re8 46. Ng6 Kxh7 47. Nxf4+ Kh6
48. Ne2 Kg5 1-0

[Event "Open Ricany 2006"]
[Site "?"]
[Date "2006.??.??"]
[Round "8.2"]
[White "Sharashenidze, Akaki"]
[Black "Sodoma, Jan"]
[Result "1-0"]
[WhiteElo "2271"]
[BlackElo "2285"]
[PlyCount "113"]
[EventDate "2006.??.??"]

1. e4 c5 2. c3 Nf6 3. e5 Nd5 4. d4 cxd4 5. cxd4 e6 6. Nc3 Nxc3 7. bxc3 d6 8.
Nf3 Qc7 9. Bd2 Nd7 10. exd6 Bxd6 11. Bd3 b6 12. O-O O-O 13. Ng5 Bxh2+ 14. Kh1
h6 15. Nh3 Nf6 16. f4 Bg3 17. Rf3 Nh5 18. Rf1 g6 19. Qg4 e5 20. f5 exd4 21.
cxd4 Bd6 22. Qh4 Bg3 23. Qg4 Nf6 24. Qd1 Kg7 25. Nf4 Qd7 26. Qf3 Bxf4 27. Bxf4
Bb7 28. Qh3 g5 29. Be5 Rh8 30. Rac1 Rac8 31. Rxc8 Qxc8 32. Rf2 Qd8 33. Rc2 Re8
34. Qg3 Kg8 35. Rc7 Ne4 36. Bxe4 Bxe4 37. Qh2 Bxf5 38. Rc6 Re6 39. Rxe6 fxe6
40. Qxh6 Qe7 41. Qh8+ Kf7 42. Qg7+ Ke8 43. Qg8+ Kd7 44. Qa8 Qa3 45. Qb7+ Ke8
46. Qb8+ Kf7 47. Bd6 Qxa2 48. Qf8+ Kg6 49. Qe8+ Kg7 50. Bf8+ Kf6 51. Be7+ Kg7
52. Qf8+ Kg6 53. Qg8+ Kh6 54. Qxg5+ Kh7 55. Bf6 Qb1+ 56. Kh2 Bg6 57. Qh4+ 1-0

[Event "Open Ricany 2006"]
[Site "?"]
[Date "2006.??.??"]
[Round "8.5"]
[White "Srba, Milan"]
[Black "Horak, Vladimir"]
[Result "1-0"]
[WhiteElo "2203"]
[BlackElo "2107"]
[PlyCount "127"]
[EventDate "2006.??.??"]

1. e4 e6 2. d4 d5 3. Nd2 c5 4. exd5 exd5 5. Bb5+ Bd7 6. Qe2+ Be7 7. dxc5 Nf6 8.
Nb3 O-O 9. Be3 Re8 10. O-O-O a6 11. Bxd7 Nbxd7 12. Qd2 a5 13. a4 Qc7 14. Ne2
Nxc5 15. Nxc5 Bxc5 16. Bxc5 Qxc5 17. Nd4 Rac8 18. f3 b6 19. Rhe1 h6 20. g4 Rxe1
21. Rxe1 Re8 22. Rxe8+ Nxe8 23. b3 Nc7 24. h4 Qe7 25. h5 Qe5 26. c3 Ne6 27. Nf5
Nc5 28. Kb2 Kf8 29. Ka3 Ne6 30. Qe3 Qc7 31. Qd3 Qb7 32. Ne3 Nf4 33. Qd4 Qc7 34.
Nf5 f6 35. Qe3 Kf7 36. b4 Ne6 37. Qd3 Nf4 38. Qe3 Ne6 39. Kb2 Qh2+ 40. Kb1 Qc7
41. Qd3 axb4 42. cxb4 d4 43. Nxd4 Qd6 44. Qg6+ Kf8 45. Nxe6+ Qxe6 46. Qd3 Qe1+
47. Ka2 Qxb4 48. Qa3 Qxa3+ 49. Kxa3 Ke7 50. Kb4 Kd6 51. Kb5 Kc7 52. Ka6 Kc6 53.
Ka7 Kc7 54. f4 Kc6 55. Kb8 Kc5 56. Kc7 b5 57. axb5 Kxb5 58. Kd6 Kc4 59. Ke6 Kd4
60. Kf5 Ke3 61. g5 Kf3 62. g6 Ke3 63. Ke6 Kxf4 64. Kf7 1-0

[Event "Open Ricany 2006"]
[Site "?"]
[Date "2006.??.??"]
[Round "8.14"]
[White "Kovar, Josef"]
[Black "Pospisil, Evzen"]
[Result "1/2-1/2"]
[WhiteElo "1981"]
[BlackElo "2125"]
[PlyCount "149"]
[EventDate "2006.??.??"]

1. e4 e6 2. d4 d5 3. Nd2 Nf6 4. e5 Nfd7 5. Bd3 c5 6. c3 Nc6 7. Ndf3 cxd4 8.
cxd4 f6 9. exf6 Nxf6 10. Ne2 Bd6 11. O-O Qc7 12. Bg5 O-O 13. Qc2 h6 14. Bh4 Nh5
15. Bh7+ Kh8 16. Bg6 Nf4 17. Nxf4 Bxf4 18. Bg3 Bd7 19. Rad1 Be8 20. Bd3 Rc8 21.
Qe2 Rf6 22. Bb1 Bh5 23. Qd3 g5 24. Rc1 Bg6 25. Bxf4 Qxf4 26. Qe3 Bxb1 27. Rxb1
g4 28. Ne5 Qxd4 29. Rfc1 Qxe3 30. fxe3 h5 31. b4 Rf5 32. Nd3 Rff8 33. Nf4 Ne5
34. Nxe6 Rfe8 35. Nf4 h4 36. Rc5 b6 37. Rxd5 Kg7 38. Rd2 Rc3 39. Nd5 Rc4 40.
Rbd1 g3 41. h3 Rf8 42. Nf4 Rfc8 43. a3 Rc2 44. Kf1 Nc4 45. Rxc2 Nxe3+ 46. Ke2
Nxc2 47. Rd7+ Kh6 48. Rxa7 Nd4+ 49. Kd3 Nb5 50. Ra6 Rc3+ 51. Ke4 Nd6+ 52. Kd5
Nc8 53. a4 Kg5 54. Ne6+ Kf5 55. Nd4+ Kg5 56. a5 bxa5 57. Ne6+ Kf5 58. Nd4+ Kg5
59. Rxa5 Re3 60. Kc6+ Kf4 61. Ra2 Rc3+ 62. Kd5 Nb6+ 63. Ke6 Rc4 64. Ne2+ Ke3
65. Rb2 Na4 66. Ra2 Rxb4 67. Ng1 Nb2 68. Nf3 Nd1 69. Kf5 Nf2 70. Kg5 Nxh3+ 71.
Kh5 Nf4+ 72. Kg5 Nxg2 73. Ng1 Nf4 74. Kxh4 Ne2+ 75. Kh3 1/2-1/2

[Event "Open Ricany 2006"]
[Site "?"]
[Date "2006.??.??"]
[Round "8.7"]
[White "Ptak, Pavel"]
[Black "Moravec, Vit"]
[Result "1-0"]
[WhiteElo "2125"]
[BlackElo "1619"]
[PlyCount "123"]
[EventDate "2006.??.??"]

1. e4 c5 2. Nf3 d6 3. Bd3 g6 4. c3 Bg7 5. Bc2 e6 6. O-O Ne7 7. d4 cxd4 8. cxd4
O-O 9. Nc3 Nbc6 10. Be3 Bd7 11. Qd2 d5 12. Bh6 dxe4 13. Bxe4 Nc8 14. Rad1 Nd6
15. Bxg7 Kxg7 16. Qf4 Nxe4 17. Nxe4 Nb4 18. Qe5+ f6 19. Qg3 Nd5 20. Rfe1 b6 21.
Nc3 Qc7 22. Nxd5 Qxg3 23. hxg3 exd5 24. Rc1 Rac8 25. Rxc8 Bxc8 26. Nd2 Bf5 27.
Re7+ Rf7 28. Rxf7+ Kxf7 29. Nf1 Bb1 30. a3 Ke6 31. Ne3 Bd3 32. f3 Bb5 33. Kf2
Ba6 34. Ke1 Kd6 35. Kd2 Bb7 36. g4 Bc8 37. g3 Kc6 38. Kc3 Be6 39. f4 Bd7 40.
Kd2 Kd6 41. Kc3 Kc6 42. Kd3 Kd6 43. Kc2 Kc6 44. Kd1 Kd6 45. Ke2 Bb5+ 46. Kd2
Bd7 47. b3 Bc8 48. Kc3 Kc6 49. Kd2 Kd6 50. Kc3 Kc6 51. g5 fxg5 52. fxg5 Be6 53.
Ng2 Bd7 54. Nf4 Kd6 55. Nd3 Bf5 56. Ne5 Be6 57. Kb4 a6 58. a4 Kc7 59. a5 Bf5
60. g4 Bc8 61. axb6+ Kxb6 62. Nf3 {chyby v zapisu} 1-0

[Event "Open Ricany 2006"]
[Site "?"]
[Date "2006.??.??"]
[Round "9.12"]
[White "Buril, Petr"]
[Black "Boleslav, Petr"]
[Result "1/2-1/2"]
[WhiteElo "1976"]
[BlackElo "2044"]
[PlyCount "22"]
[EventDate "2006.??.??"]

1. f4 d5 2. Nf3 Nf6 3. e3 g6 4. b3 Bg7 5. Bb2 O-O 6. c4 c6 7. d4 Bf5 8. Bd3
Bxd3 9. Qxd3 Nbd7 10. Nbd2 e6 11. O-O Qa5 1/2-1/2

[Event "Open Ricany 2006"]
[Site "?"]
[Date "2006.??.??"]
[Round "9.11"]
[White "Skala, Jaromir"]
[Black "Sochorova, Jana"]
[Result "1/2-1/2"]
[WhiteElo "2079"]
[BlackElo "1761"]
[PlyCount "22"]
[EventDate "2006.??.??"]

1. e4 d5 2. exd5 Qxd5 3. Nc3 Qa5 4. Nf3 Nf6 5. d3 Bf5 6. Bd2 c6 7. Ne4 Qc7 8.
Nxf6+ exf6 9. Be2 Bd6 10. O-O O-O 11. h3 Nd7 1/2-1/2

[Event "Open Ricany 2006"]
[Site "?"]
[Date "2006.??.??"]
[Round "9.18"]
[White "Havelka, Petr"]
[Black "Bernath, Stefan"]
[Result "0-1"]
[WhiteElo "2019"]
[BlackElo "1967"]
[PlyCount "32"]
[EventDate "2006.??.??"]

1. d4 Nf6 2. c4 e6 3. Nf3 Bb4+ 4. Nc3 O-O 5. Bg5 h6 6. Bh4 d6 7. e3 Nbd7 8. Bd3
e5 9. Nd2 exd4 10. exd4 Bxc3 11. bxc3 Re8+ 12. Be2 Qe7 13. Bxf6 Nxf6 14. Nf1
Ne4 15. Rc1 Bg4 16. f3 Bxf3 0-1

[Event "Open Ricany 2006"]
[Site "?"]
[Date "2006.??.??"]
[Round "9.19"]
[White "Koper, Stefan"]
[Black "Macku, Emil"]
[Result "1-0"]
[WhiteElo "2058"]
[BlackElo "1886"]
[PlyCount "87"]
[EventDate "2006.??.??"]

1. d4 Nf6 2. c4 e6 3. Nc3 d5 4. cxd5 exd5 5. Nf3 c6 6. Bg5 Be7 7. e3 Bf5 8. Bd3
Bxd3 9. Qxd3 Nbd7 10. O-O h6 11. Bh4 O-O 12. Rab1 Re8 13. b4 a6 14. a4 Nb6 15.
b5 axb5 16. axb5 Nc4 17. bxc6 bxc6 18. Nd2 Nxd2 19. Qxd2 Ne4 20. Nxe4 dxe4 21.
Bxe7 Rxe7 22. Rfc1 Ra6 23. Rc5 Rea7 24. Qc2 Qe8 25. Re5 Re7 26. Qxe4 Rxe5 27.
dxe5 c5 28. f4 Ra4 29. Qd5 c4 30. f5 c3 31. e6 fxe6 32. fxe6 c2 33. Rc1 Qe7 34.
Qd7 Ra7 35. Qc8+ Qf8 36. Qxc2 Re7 37. Qe4 Re8 38. Ra1 Qd6 39. Ra8 Qd1+ 40. Kf2
Qd2+ 41. Kg3 Qd6+ 42. Kh3 Rxa8 43. Qxa8+ Kh7 44. Qe4+ 1-0

[Event "Open Ricany 2006"]
[Site "?"]
[Date "2006.??.??"]
[Round "9.23"]
[White "Zamrazil, Jan"]
[Black "Drahorad, Daniel"]
[Result "1-0"]
[WhiteElo "1674"]
[BlackElo "1985"]
[PlyCount "73"]
[EventDate "2006.??.??"]

1. e4 e6 2. d4 d5 3. e5 c5 4. c3 Qb6 5. Nf3 Bd7 6. Be2 Bb5 7. O-O Bxe2 8. Qxe2
Nc6 9. Be3 Rc8 10. dxc5 Bxc5 11. Bxc5 Qxc5 12. Na3 a6 13. Nc2 Nge7 14. Ncd4 O-O
15. Rfd1 Nxd4 16. Nxd4 Ng6 17. g3 Rc7 18. Kg2 Rfc8 19. h4 Qc4 20. Qe3 Ne7 21.
h5 h6 22. g4 Nc6 23. g5 hxg5 24. Qxg5 Kh7 25. h6 g6 26. Qf6 Rg8 27. b3 Qc5 28.
Nf3 g5 29. Nxg5+ Rxg5+ 30. Qxg5 f5 31. exf6 Qxc3 32. Rac1 Qb4 33. Rd3 Qe4+ 34.
Rf3 Rf7 35. Rh1 Qg6 36. Qxg6+ Kxg6 37. h7 1-0

[Event "Open Ricany 2006"]
[Site "?"]
[Date "2006.??.??"]
[Round "9.14"]
[White "Adamik, Frantisek"]
[Black "Hrubant, Ivan"]
[Result "0-1"]
[WhiteElo "1868"]
[BlackElo "2133"]
[PlyCount "97"]
[EventDate "2006.??.??"]

1. c4 Nf6 2. Nc3 c6 3. e4 e5 4. d4 d6 5. d5 Nbd7 6. Bd3 Be7 7. Nge2 O-O 8. O-O
Re8 9. Ng3 g6 10. b3 Bf8 11. Bb2 Bg7 12. Qc2 c5 13. f3 Nf8 14. Rf2 a6 15. Raf1
Re7 16. Bc1 Ne8 17. Nge2 Nd7 18. g4 f6 19. h4 Rf7 20. g5 b6 21. Be3 Ra7 22. Qd2
Qe7 23. Rh2 f5 24. f4 exf4 25. Bxf4 Ne5 26. Bxe5 Bxe5 27. Rhf2 Ng7 28. Nf4 Bd4
29. Kg2 Qe5 30. Nfe2 Bxf2 31. Rxf2 fxe4 32. Nxe4 Rxf2+ 33. Kxf2 Rf7+ 34. Nf6+
Rxf6+ 35. gxf6 Qxf6+ 36. Qf4 Kf7 37. Kf3 Qxf4+ 38. Nxf4 Kf6 39. Be4 Ke5 40. Bc2
Nf5 41. Bxf5 Bxf5 42. h5 g5 43. Ne2 h6 44. Ke3 Bg4 45. Nc3 Bxh5 46. Na4 b5 47.
cxb5 axb5 48. Nb2 Kxd5 49. a4 0-1

[Event "Open Ricany 2006"]
[Site "?"]
[Date "2006.??.??"]
[Round "9.17"]
[White "Vavrinec, Tomas"]
[Black "Kovar, Josef"]
[Result "0-1"]
[WhiteElo "2093"]
[BlackElo "1915"]
[PlyCount "64"]
[EventDate "2006.??.??"]

1. c4 c5 2. Nc3 Nc6 3. g3 g6 4. Bg2 Bg7 5. Nf3 e5 6. O-O Nge7 7. a3 O-O 8. Rb1
d5 9. cxd5 Nxd5 10. d3 h6 11. Nxd5 Qxd5 12. Be3 Qd6 13. Qc1 Nd4 14. Nxd4 exd4
15. Bxh6 15... Bg4 {=} 16. Bf4 Qe7 17. Re1 Rfe8 18. b4 Rac8 19. Qd2 b6 20. h3
Bf5 21. g4 Be6 22. Rec1 Bf8 23. Bg5 Qd6 24. bxc5 Rxc5 25. Rxc5 Qxc5 26. a4 Bd7
27. Ra1 Qe5 28. Bf3 Bd6 29. Kf1 a5 30. Bh4 Qh2 31. Bg2 Bxg4 32. e4 Bxh3 0-1

[Event "Open Ricany 2006"]
[Site "?"]
[Date "2006.??.??"]
[Round "9.2"]
[White "Blumel, Otto"]
[Black "Vojta, Pavel"]
[Result "1/2-1/2"]
[WhiteElo "2262"]
[BlackElo "2136"]
[PlyCount "46"]
[EventDate "2006.??.??"]

1. e4 e6 2. d4 d5 3. Nc3 dxe4 4. f3 e3 5. Bxe3 Nf6 6. Qd2 Bb4 7. a3 Bxc3 8.
bxc3 c6 9. Bd3 Qa5 10. Ne2 Nbd7 11. O-O Nd5 12. Bf2 O-O 13. f4 f5 14. Bh4 N7f6
15. Bxf6 Rxf6 16. Rf3 b6 17. Qd1 Ba6 18. c4 Nc7 19. Rh3 Re8 20. Qf1 c5 21. c3
Bb7 22. Qf2 cxd4 23. cxd4 Qd2 1/2-1/2

[Event "Open Ricany 2006"]
[Site "?"]
[Date "2006.??.??"]
[Round "9.8"]
[White "Vanek, Marian"]
[Black "Balhar, Jan"]
[Result "0-1"]
[WhiteElo "1843"]
[BlackElo "2311"]
[PlyCount "70"]
[EventDate "2006.??.??"]

1. e4 c6 2. d4 d5 3. exd5 cxd5 4. c4 Nf6 5. Nc3 e6 6. Nf3 Be7 7. cxd5 Nxd5 8.
Bd3 Nc6 9. O-O O-O 10. Re1 Nf6 11. Bg5 b6 12. Qa4 Nb4 13. Bxf6 Nxd3 14. Bxe7
Qxe7 15. Re3 Nb4 16. d5 Qf6 17. Rd1 Nxd5 18. Rxd5 exd5 19. Nxd5 Qxb2 20. Ne7+
Kh8 21. Qe4 Be6 22. Nd4 Rad8 23. g4 Bxg4 24. Nec6 Rxd4 25. Nxd4 Bh5 26. Nf5 Bg6
27. Qe7 Rg8 28. Nd6 Qb1+ 29. Kg2 Qxa2 30. Qd7 Qd5+ 31. Kg1 h6 32. Re7 a5 33.
Rxf7 a4 34. h3 a3 35. Rf5 Qa8 0-1

[Event "Open Ricany 2006"]
[Site "?"]
[Date "2006.??.??"]
[Round "9.22"]
[White "Ruzicka, Vaclav"]
[Black "Boucek, Vlastimil"]
[Result "0-1"]
[WhiteElo "1700"]
[BlackElo "2033"]
[PlyCount "82"]
[EventDate "2006.??.??"]

1. c4 e5 2. Nc3 Nc6 3. e4 g6 4. d3 Bg7 5. g3 d6 6. Bg2 Be6 7. Nge2 Qd7 8. Be3
Nge7 9. Qd2 O-O 10. f4 Kh8 11. O-O Ng8 12. fxe5 dxe5 13. Nd5 Nd8 14. Qa5 c6 15.
Nb6 axb6 16. Qxa8 Qxd3 17. Bxb6 Qxe2 18. Bxd8 Qxb2 19. Kh1 Bxc4 20. Rfb1 Qd4
21. Rd1 Bd3 22. Qxb7 Rxd8 23. Qxc6 Nf6 24. Rac1 Ng4 25. h3 Nf2+ 26. Kh2 Nxd1
27. Rxd1 h5 28. a4 h4 29. gxh4 Qe3 30. a5 Qf4+ 31. Kh1 Kh7 32. Qb6 Rd4 33. Qb3
Bxe4 34. Rxd4 Bxg2+ 35. Kxg2 exd4 36. a6 Qd2+ 37. Kf1 d3 38. a7 Qe2+ 39. Kg1
Bd4+ 40. Kh1 Qf3+ 41. Kh2 Qf2+ 0-1

[Event "Open Ricany 2006"]
[Site "?"]
[Date "2006.??.??"]
[Round "9.5"]
[White "Kojetsky, Pavel"]
[Black "Simecek, Bohumil"]
[Result "1/2-1/2"]
[WhiteElo "2168"]
[BlackElo "2091"]
[PlyCount "64"]
[EventDate "2006.??.??"]

1. c4 Nf6 2. Nf3 c6 3. g3 d5 4. cxd5 cxd5 5. Bg2 Nc6 6. O-O Bf5 7. d3 e6 8. b3
Bd6 9. Bb2 O-O 10. Nc3 a6 11. Rc1 Rc8 12. Nb1 Qe7 13. Nh4 Bg4 14. h3 Bh5 15.
Qd2 Rfe8 16. a3 Rc7 17. Rc2 Rec8 18. Rfc1 Bg6 19. Nxg6 hxg6 20. e4 d4 21. b4 e5
22. Qd1 Na7 23. Nd2 Rxc2 24. Rxc2 Rxc2 25. Qxc2 Qc7 26. Qb3 b5 27. h4 a5 28.
bxa5 Qxa5 29. Nf3 Qa4 30. Nd2 Qa5 31. Nf3 Qa4 32. Nd2 Qa5 1/2-1/2

[Event "Open Ricany 2006"]
[Site "?"]
[Date "2006.??.??"]
[Round "9.26"]
[White "Lexa, Vaclav"]
[Black "Novak, Jindrich"]
[Result "0-1"]
[WhiteElo "1927"]
[BlackElo "1966"]
[PlyCount "138"]
[EventDate "2006.??.??"]

1. d4 d6 2. c4 e5 3. d5 f5 4. e4 fxe4 5. Nc3 Nf6 6. Bg5 Bf5 7. Qe2 Nbd7 8. Bxf6
Nxf6 9. g3 Be7 10. Bg2 O-O 11. Nxe4 Nxe4 12. Bxe4 Qd7 13. Qd3 Bxe4 14. Qxe4 Qa4
15. b3 Qb4+ 16. Kf1 Qd2 17. Qe2 Qd4 18. Re1 Rf7 19. Kg2 g5 20. Nf3 Qc3 21. Nd2
Raf8 22. Ne4 Qf3+ 23. Qxf3 Rxf3 24. Re2 a5 25. Rhe1 a4 26. Re3 R3f7 27. h3 Ra8
28. Rf3 axb3 29. axb3 Ra2 30. Rxf7 Kxf7 31. Re3 Rb2 32. Kf3 Kg6 33. Rd3 Rb1 34.
g4 Kf7 35. Ke2 Ke8 36. Ng3 Kd7 37. Rf3 Rb2+ 38. Kd1 Ke8 39. Kc1 Ra2 40. Nf5 Bf8
41. Ng3 c6 42. Ne4 Be7 43. Re3 Kd7 44. Kb1 Ra5 45. Rd3 cxd5 46. Rxd5 Ra8 47.
Kb2 Rf8 48. Rd2 Ke6 49. Kc2 Rf4 50. Ng3 Rf3 51. Re2 Bd8 52. b4 Bb6 53. Ne4 h6
54. c5 dxc5 55. bxc5 Bd8 56. Nd6 Rxh3 57. Nxb7 Bc7 58. Rd2 Rf3 59. Nd6 Ba5 60.
Re2 Rc3+ 61. Kb2 Rxc5 62. Nf5 Bb6 63. Nxh6 Rc4 64. Kb3 Rf4 65. Ra2 Bxf2 66.
Ra6+ Kd5 67. Rb6 Rf3+ 68. Kc2 Be3 69. Nf7 Rxf7 0-1

[Event "Open Ricany 2006"]
[Site "?"]
[Date "2006.??.??"]
[Round "9.15"]
[White "Pospisil, Evzen"]
[Black "Voracek, Zdenek"]
[Result "0-1"]
[WhiteElo "2125"]
[BlackElo "2057"]
[PlyCount "68"]
[EventDate "2006.??.??"]

1. d4 d5 2. Bf4 Nf6 3. Nf3 e6 4. e3 Be7 5. Nbd2 Nbd7 6. h3 c5 7. c3 O-O 8. Bd3
b6 9. Ne5 Bb7 10. Ndf3 Ne4 11. h4 f6 12. Nxd7 Qxd7 13. g4 cxd4 14. cxd4 e5 15.
dxe5 Qxg4 16. Rg1 Qh5 17. e6 Nc5 18. Nd4 Nxd3+ 19. Qxd3 Bb4+ 20. Kf1 a5 21. a4
Ba6 22. Nb5 Rfe8 23. Rd1 Rad8 24. Bc7 Rc8 25. Bxb6 Rb8 26. Bd4 Rxe6 27. Bc3 Re4
28. Bxf6 Bf8 29. b3 Rxb5 30. Kg2 Rb6 31. Qxd5+ Qxd5 32. Rxd5 Rxf6 33. Rxa5 Rg4+
34. Kh2 Rxf2+ 0-1

[Event "Open Ricany 2006"]
[Site "?"]
[Date "2006.??.??"]
[Round "9.24"]
[White "Vlcek, Jan"]
[Black "Pokorny, Jiri"]
[Result "1-0"]
[WhiteElo "1673"]
[BlackElo "1855"]
[PlyCount "57"]
[EventDate "2006.??.??"]

1. e4 c5 2. Nf3 d6 3. d4 cxd4 4. Nxd4 Nf6 5. Nc3 a6 6. Be3 e6 7. Be2 Nc6 8. O-O
Be7 9. Qe1 Qc7 10. Rd1 O-O 11. Kh1 Bd7 12. f4 Nxd4 13. Bxd4 e5 14. Be3 Bc6 15.
Bf3 Rfe8 16. f5 b5 17. g4 Qb7 18. Bc1 b4 19. Nd5 Nxd5 20. exd5 Ba4 21. Be4 Rac8
22. b3 Bd7 23. g5 f6 24. Qh4 fxg5 25. Bxg5 Bxg5 26. Qxg5 Bb5 27. Rg1 Rf8 28. f6
Rf7 29. Qh6 1-0

[Event "Open Ricany 2006"]
[Site "?"]
[Date "2006.??.??"]
[Round "9.16"]
[White "Fojtu, Petr"]
[Black "Vanecek, Stanislav"]
[Result "1-0"]
[WhiteElo "2121"]
[BlackElo "205"]
[PlyCount "65"]
[EventDate "2006.??.??"]

1. f4 d5 2. Nf3 c5 3. g3 Nc6 4. Bg2 g6 5. d3 Bg7 6. e3 Bg4 7. h3 Bxf3 8. Qxf3
Nf6 9. c3 Qc7 10. e4 dxe4 11. dxe4 e5 12. Be3 O-O-O 13. Nd2 Rhe8 14. O-O Rd3
15. Qe2 Red8 16. Nc4 Nh5 17. Rf3 exf4 18. gxf4 Bh6 19. e5 R3d7 20. Nd6+ Rxd6
21. exd6 Qxd6 22. Qf2 b6 23. Bf1 Ne7 24. Re1 Nd5 25. Rd1 Qc7 26. Bc1 Ndf6 27.
Ba6+ Kb8 28. Rxd8+ Qxd8 29. Rd3 Qe7 30. Qf3 Ne4 31. Qd1 Nhf6 32. Rd8+ Kc7 33.
Rc8# 1-0

[Event "Open Ricany 2006"]
[Site "?"]
[Date "2006.??.??"]
[Round "9.27"]
[White "Feierfeil, Jiri"]
[Black "Svitak, David"]
[Result "1-0"]
[WhiteElo "2013"]
[BlackElo "1803"]
[PlyCount "65"]
[EventDate "2006.??.??"]

1. d4 d5 2. c4 dxc4 3. Nf3 Nf6 4. e3 c5 5. Bxc4 e6 6. O-O Be7 7. Nc3 O-O 8. Qe2
Nc6 9. Rd1 Qc7 10. a3 a6 11. dxc5 Bxc5 12. b4 Bd6 13. Bb2 Ne5 14. Nxe5 Bxe5 15.
f4 Bxc3 16. Bxc3 b5 17. Bxf6 gxf6 18. Bd3 f5 19. Rac1 Qe7 20. e4 Qh4 21. Qe3
Kh8 22. exf5 exf5 23. Rc7 Qf6 24. Rdc1 Rd8 25. Be2 Be6 26. Bf3 Rab8 27. Kh1 Qd4
28. Qe1 Rg8 29. Qh4 Rbd8 30. h3 Bd5 31. Rd1 Qb6 32. Rxd5 Rxd5 33. Rxf7 1-0

[Event "Open Ricany 2006"]
[Site "?"]
[Date "2006.??.??"]
[Round "9.20"]
[White "Rerabkova, Lucie"]
[Black "Maly , Filip"]
[Result "0-1"]
[WhiteElo "1976"]
[BlackElo "1987"]
[PlyCount "92"]
[EventDate "2006.??.??"]

1. e4 c5 2. Nf3 d6 3. d4 cxd4 4. Nxd4 Nf6 5. Nc3 a6 6. Be3 e5 7. Nf3 Be7 8. Be2
Nbd7 9. O-O b5 10. Nd2 Bb7 11. Bf3 O-O 12. a3 Qc7 13. Re1 {=} 13... Rfd8 14.
Bg5 Nb6 15. Qe2 h6 16. Bxf6 Bxf6 17. Rad1 Bg5 18. Qd3 Bxd2 19. Qxd2 Nc4 20. Qc1
Nxa3 21. Re3 Nc4 22. Red3 b4 23. Nd5 Bxd5 24. Rxd5 a5 25. Be2 Nb6 26. Rb5 Qc6
27. Bd3 Nc4 28. Rd5 Nb6 29. Bb5 Qc7 30. R5d2 Qc5 31. Bd3 a4 32. Qa1 a3 33. Qa2
axb2 34. Qxb2 Na4 35. Qb3 Nc3 36. Re1 Rdc8 37. h3 Ra3 38. Qb2 Rca8 39. Kh2 Na4
40. Qb1 Qc3 41. Rdd1 Nc5 42. Qc1 b3 43. Qd2 Qxd2 44. Rxd2 b2 45. Rb1 Rb8 46.
Rdd1 Na4 0-1

[Event "Open Ricany 2006"]
[Site "?"]
[Date "2006.??.??"]
[Round "9.9"]
[White "Moravec, Vit"]
[Black "Skacel, Jan"]
[Result "1/2-1/2"]
[WhiteElo "1619"]
[BlackElo "2109"]
[PlyCount "82"]
[EventDate "2006.??.??"]

1. e4 c5 2. Nf3 Nc6 3. d4 cxd4 4. Nxd4 Nf6 5. Nc3 e6 6. a3 d6 7. Be2 Be7 8. Be3
O-O 9. O-O a6 10. Qd2 Bd7 11. f4 Qc7 12. f5 Ne5 13. h3 Nc4 14. Bxc4 Qxc4 15. g4
exf5 16. exf5 Nd5 17. Nxd5 Qxd5 18. Rac1 Bf6 19. c4 Qe5 20. Bf2 Qe7 21. Rfe1
Qd8 22. b4 Bg5 23. Be3 Bh4 24. Bf2 Bg5 25. Be3 Bf6 26. Nf3 Bc6 27. Nd4 Be4 28.
Ne2 Re8 29. Nc3 Bc6 30. Bf2 Be5 31. Nd5 Bxd5 32. Qxd5 Qc7 33. c5 Bf4 34. cxd6
Rxe1+ 35. Rxe1 Bxd6 36. Rd1 Rd8 37. Qb3 Bh2+ 38. Kg2 Rxd1 39. Qxd1 Be5 40. Qd3
Qc6+ 41. Qf3 Kf8 1/2-1/2

[Event "Open Ricany 2006"]
[Site "?"]
[Date "2006.??.??"]
[Round "9.3"]
[White "Srba, Milan"]
[Black "Sharashenidze, Akaki"]
[Result "1/2-1/2"]
[WhiteElo "2203"]
[BlackElo "2271"]
[PlyCount "86"]
[EventDate "2006.??.??"]

1. e4 e5 2. Nf3 Nc6 3. Bb5 Bc5 4. c3 4... Nge7 {=} 5. O-O a6 6. Ba4 b5 7. Bc2
Ng6 8. a4 Bb7 9. d4 Be7 10. d5 Nb8 11. Na3 O-O 12. Be3 bxa4 13. Nc4 d6 14. Rxa4
Bc8 15. Nfd2 Bg5 16. b4 Bxe3 17. Nxe3 Qg5 18. Qf3 Nf4 19. Rfa1 Nd7 20. Kh1 Nb6
21. R4a2 Bb7 22. g3 Ng6 23. Bd3 Ne7 24. Bxa6 Bxa6 25. Rxa6 Rxa6 26. Rxa6 f5 27.
h4 Qg6 28. h5 Qg5 29. Qe2 h6 30. c4 f4 31. Nef1 fxg3 32. fxg3 Nd7 33. Ra7 Nf6
34. Rxc7 Ng4 35. Nf3 Qxh5+ 36. Kg2 Ng6 37. c5 Nf6 38. Rc6 Qg4 39. Qe3 Nxe4 40.
N3h2 Nh4+ 41. Kg1 Nf3+ 42. Kg2 Nh4+ 43. Kg1 Nf3+ 1/2-1/2

[Event "Open Ricany 2006"]
[Site "?"]
[Date "2006.??.??"]
[Round "9.6"]
[White "Pechacek, Stanislav"]
[Black "Tejkal, Jiri"]
[Result "1/2-1/2"]
[WhiteElo "2142"]
[BlackElo "2034"]
[PlyCount "97"]
[EventDate "2006.??.??"]

1. Nf3 Nf6 2. c4 g6 3. Nc3 Bg7 4. e4 d6 5. d4 O-O 6. Be2 e5 7. O-O Nc6 8. d5
Ne7 9. b4 Nh5 10. Re1 f5 11. Ng5 Nf6 12. Bf3 c6 13. a4 f4 14. Ba3 Ne8 15. Qb3
Bf6 16. Ne6 Bxe6 17. dxe6 Kh8 18. Rad1 Nc8 19. c5 Be7 20. b5 Qc7 21. cxd6 Ncxd6
22. Bb2 Bf6 23. Qa2 Qg7 24. bxc6 bxc6 25. Rc1 g5 26. h3 Qg6 27. Ba3 h5 28. Qe2
g4 29. hxg4 hxg4 30. Bxg4 Rg8 31. Bf3 Rg7 32. Qa6 Be7 33. Kf1 Qxe6 34. Qxc6 Rc8
35. Qd5 Qg6 36. Ke2 Nf6 37. Qe6 Qf7 38. Qxf7 Rxf7 39. Bb2 Nc4 40. Ba1 Bb4 41.
Rh1+ Kg7 42. Nd5 Nxd5 43. exd5 Bd6 44. Be4 Rfc7 45. g3 fxg3 46. Rhg1 Kg8 47.
Rxg3+ Rg7 48. Rh3 Kf7 49. Bf5 {dale necitelne} 1/2-1/2

[Event "Open Ricany 2006"]
[Site "?"]
[Date "2006.??.??"]
[Round "9.25"]
[White "Schmalz, Michal"]
[Black "Kylar, Miroslav"]
[Result "1-0"]
[WhiteElo "1623"]
[BlackElo "2056"]
[PlyCount "99"]
[EventDate "2006.??.??"]

1. c4 Nf6 2. Nc3 e5 3. g3 d5 4. cxd5 Nxd5 5. Bg2 c6 6. Qb3 Nb4 7. a3 Be6 8. Qd1
Nd5 9. Nf3 Nd7 10. O-O Be7 11. d3 O-O 12. Bd2 Qc7 13. b4 f5 14. Rc1 Rad8 15.
Qb3 Nf4 16. Qb2 Nxg2 17. Kxg2 Bf6 18. Ng5 Qd6 19. Nxe6 Qxe6 20. Qc2 Nb6 21. Be3
f4 22. Bxb6 axb6 23. Ne4 Qg4 24. h3 Qg6 25. Kh2 Be7 26. Qb3+ Kh8 27. a4 Rd4 28.
Rc4 fxg3+ 29. Nxg3 Bh4 30. Rxd4 exd4 31. Kg2 Bxg3 32. fxg3 Rxf1 33. Kxf1 Qxg3
34. Qe6 Qf4+ 35. Kg2 Qg5+ 36. Kf3 Qd5+ 37. Qxd5 cxd5 38. Kf4 Kg8 39. Ke5 g5 40.
Kxd5 h5 41. Kxd4 Kf7 42. Ke4 Ke6 43. d4 h4 44. b5 Kf6 45. Kf3 Kf5 46. e4+ Kf6
47. Kg4 Kg6 48. d5 Kf6 49. d6 Ke6 50. e5 1-0

[Event "Open Ricany 2006"]
[Site "?"]
[Date "2006.??.??"]
[Round "9.3"]
[White "Sodoma, Jan"]
[Black "Ptak, Pavel"]
[Result "1/2-1/2"]
[WhiteElo "2285"]
[BlackElo "2125"]
[PlyCount "93"]
[EventDate "2006.??.??"]

1. e4 g6 2. d4 Bg7 3. c4 c5 4. d5 d6 5. Be2 Nf6 6. Nc3 e6 7. Nf3 exd5 8. cxd5
a6 9. a4 Bg4 10. O-O Bxf3 11. Bxf3 O-O 12. Bg5 h6 13. Bf4 Qe7 14. Re1 Nfd7 15.
Qd2 Kh7 16. Be2 h5 17. h3 c4 18. Bxc4 Ne5 19. Bf1 Nbd7 20. Bg5 f6 21. Be3 Rac8
22. Rac1 Nc5 23. Qd1 f5 24. exf5 Rxf5 25. f4 Qh4 26. fxe5 Bxe5 27. Bxc5 Rxc5
28. Rxe5 Rxe5 29. Qd2 Rc7 30. Be2 Rf7 31. Rf1 Rxf1+ 32. Bxf1 Kg7 33. b3 g5 34.
Ne2 Qe4 35. Ng3 Qxd5 36. Nxh5+ Kg6 37. Qxd5 Rxd5 38. Ng3 Rd1 39. Kf2 Rd2+ 40.
Kf3 d5 41. Ke3 Rb2 42. Bd3+ Kf6 43. Ne2 Rxb3 44. Kd2 Ke5 45. Ng1 Ra3 46. Nf3+
Kf4 47. Bc2 1/2-1/2